Statistiken für Pixelige Landformen #1

Klicken Sie hier um das Quiz zu spielen!

Allgemein

  • Dieses Quiz wurde 224 mal gespielt
  • Das Durchschnittsergebnis liegt bei 10 aus 15

Antwortstatistiken

Land% Korrekt
Italien
98%
Australien
90%
Japan
86%
Spanien
83%
Chile
81%
Kroatien
79%
Vietnam
74%
Papua-Neuguinea
57%
Mali
54%
Somalia
54%
Sri Lanka
54%
Panama
47%
Demokratische
Republik Kongo
44%
Pakistan
39%
Südkorea
18%

Verteilung der Resultate

Perzentil nach korrekt beantworteten Fragen

Anzahl Personen mit jedem Resultat

Ihre Resultats-Entwicklung

Sie haben dieses Quiz noch nicht gespielt